[Event "2021 FIDE Online Olympiad"]
[Site "Chess.com"]
[Date "2021.08.29"]
[Round "9.6"]
[White "Antonio, Renelsa Taiane"]
[Black "Feng, Jennifer"]
[Result "1-0"]
[WhiteElo "1088"]
[BlackElo "1097"]
[PlyCount "87"]
[EventDate "2021.08.27"]
[EventType "team"]
[EventRounds "9"]
[WhiteTeam "Angola"]
[BlackTeam "Scotland"]
[WhiteTeamCountry "ANG"]
[BlackTeamCountry "SCO"]

1. e4 e6 2. d3 d5 3. exd5 exd5 4. d4 Nc6 5. Nf3 Nf6 6. Be2 Be6 7. O-O h6 8. h3
Bd6 9. Nc3 O-O 10. Be3 a6 11. a3 Ne7 12. Bd3 Ng6 13. Qd2 Kh7 14. Ne5 Bxe5 15.
dxe5 Ng8 16. f4 f5 17. Bf2 b6 18. Ne2 c5 19. c3 N8e7 20. Ng3 Kg8 21. Ne2 Nc6
22. Rad1 Kh8 23. Qc2 Qe7 24. Be3 b5 25. Ng3 Rac8 26. Nxf5 Bxf5 27. Bxf5 Rcd8
28. Bxg6 d4 29. cxd4 Nxd4 30. Bxd4 Rxd4 31. Rxd4 cxd4 32. Qd3 Rd8 33. Re1 Qh4
34. Re4 Qe7 35. Kh1 Qc5 36. e6 Rd6 37. e7 Qc1+ 38. Kh2 Rxg6 39. e8=Q+ Kh7 40.
Re1 Qxf4+ 41. Kg1 Qg5 42. g4 Qh5 43. Re5 Qxe5 44. Qdxg6# 1-0

[Event "2021 FIDE Online Olympiad"]
[Site "Chess.com"]
[Date "2021.08.28"]
[Round "6.1"]
[White "Ermeni, Avni"]
[Black "Aagaard, Jacob"]
[Result "0-1"]
[WhiteElo "2201"]
[BlackElo "2502"]
[PlyCount "52"]
[EventDate "2021.08.27"]
[EventType "team"]
[EventRounds "9"]
[WhiteTeam "Kosovo"]
[BlackTeam "Scotland"]
[WhiteTeamCountry "KOS"]
[BlackTeamCountry "SCO"]

1. c4 Nf6 2. g3 e5 3. Bg2 c6 4. d4 e4 5. Nc3 d5 6. cxd5 cxd5 7. f3 Bb4 8. Bd2
Nc6 9. fxe4 dxe4 10. e3 Bxc3 11. bxc3 O-O 12. Qc2 Be6 13. c4 Rc8 14. Qa4 Nxd4
15. exd4 Qxd4 16. Rc1 Ng4 17. Nh3 Ne5 18. Nf4 g5 19. Ne2 Nd3+ 20. Kd1 Qf2 21.
Rc2 Rxc4 22. Qa5 h6 23. Rxc4 Nb2+ 24. Kc1 Nxc4 25. Qc3 Rc8 26. Kb1 Qxe2 0-1

[Event "2021 FIDE Online Olympiad"]
[Site "Chess.com"]
[Date "2021.08.28"]
[Round "6.2"]
[White "Abdulla, Murad"]
[Black "Bardhi, Valmor"]
[Result "1/2-1/2"]
[WhiteElo "2167"]
[BlackElo "2171"]
[PlyCount "210"]
[EventDate "2021.08.27"]
[EventType "team"]
[EventRounds "9"]
[WhiteTeam "Scotland"]
[BlackTeam "Kosovo"]
[WhiteTeamCountry "SCO"]
[BlackTeamCountry "KOS"]

1. e4 e5 2. Nf3 Nc6 3. Bc4 Bc5 4. d3 d6 5. h3 h6 6. c3 Nf6 7. Nbd2 Be6 8. O-O
Bxc4 9. Nxc4 O-O 10. a4 a6 11. b4 Ba7 12. Be3 Re8 13. b5 Bxe3 14. bxc6 Ba7 15.
cxb7 Rb8 16. Rb1 c6 17. Re1 Qc7 18. Qc2 Red8 19. d4 exd4 20. cxd4 d5 21. exd5
cxd5 22. Ne3 Rxb7 23. Rxb7 Qxb7 24. Rc1 Bb8 25. Rb1 Qd7 26. Rb6 a5 27. Rb5 Rc8
28. Qb2 Bc7 29. Ne5 Qe6 30. Nd3 Qd6 31. g3 Qe7 32. Qe2 Qa3 33. Nxd5 Nxd5 34.
Rxd5 Qxa4 35. Qf3 Re8 36. Kg2 Qc6 37. Rc5 Qd6 38. Rc6 Qd7 39. Nc5 Qe7 40. Ra6
Qd8 41. Nb3 Qd7 42. Nxa5 Bxa5 43. Rxa5 Qxd4 44. Rf5 Qc4 45. Rf4 Qe6 46. h4 Rb8
47. Re4 Qd7 48. Qe3 Qb7 49. Kh2 Qc6 50. Re7 Rf8 51. Qf4 Qc5 52. Rc7 Qb6 53. Rd7
Qc6 54. Rd6 Qb7 55. g4 Ra8 56. Rd3 Qe7 57. g5 hxg5 58. hxg5 g6 59. Rh3 Rd8 60.
Re3 Qd6 61. Kg3 Qxf4+ 62. Kxf4 Rd5 63. Re5 Rd4+ 64. Kg3 Kg7 65. Ra5 Rb4 66. f3
Rc4 67. Rb5 Ra4 68. Rd5 Kf8 69. Rd8+ Ke7 70. Rb8 Ke6 71. f4 Ke7 72. Kg4 Rc4 73.
Kf3 Ra4 74. Rc8 Kd7 75. Rc3 Ke6 76. Rc7 Rb4 77. Rc6+ Ke7 78. Rc7+ Ke6 79. Rc5
Ra4 80. Re5+ Kd6 81. Re3 Rb4 82. Kg4 Ra4 83. Re1 Kd7 84. Re5 Rb4 85. Ra5 Ke7
86. Kf3 Kf8 87. Ra6 Kg7 88. Rd6 Ra4 89. Ke3 Rb4 90. Rd4 Rb3+ 91. Ke4 Rb5 92.
Rd5 Rb4+ 93. Ke5 Rb1 94. Rd4 Re1+ 95. Kd6 Re6+ 96. Kd7 Kf8 97. Rc4 Kg7 98. Rd4
Re1 99. Kd6 Re2 100. Kd5 Re1 101. Re4 Rd1+ 102. Ke5 Ra1 103. Rd4 Re1+ 104. Re4
Ra1 105. Rd4 Re1+ 1/2-1/2

[Event "2021 FIDE Online Olympiad"]
[Site "Chess.com"]
[Date "2021.08.28"]
[Round "6.3"]
[White "Saraci, Ndriqona"]
[Black "Roy, Ali"]
[Result "1/2-1/2"]
[WhiteElo "1225"]
[BlackElo "1879"]
[PlyCount "104"]
[EventDate "2021.08.27"]
[EventType "team"]
[EventRounds "9"]
[WhiteTeam "Kosovo"]
[BlackTeam "Scotland"]
[WhiteTeamCountry "KOS"]
[BlackTeamCountry "SCO"]

1. e4 e6 2. Nf3 d5 3. exd5 exd5 4. d4 Nf6 5. Bd3 Be7 6. Nc3 O-O 7. h3 c6 8. O-O
Nbd7 9. Bf4 Re8 10. Re1 Nf8 11. Be5 Ng6 12. Bh2 b6 13. Qd2 Bb7 14. Re2 a6 15.
Rae1 c5 16. Be5 Nxe5 17. dxe5 Nd7 18. e6 fxe6 19. Rxe6 c4 20. Bf5 Nc5 21. R6e2
Ne4 22. Be6+ Kh8 23. Nxe4 dxe4 24. Qxd8 Bxd8 25. Bxc4 Bf6 26. c3 Bc6 27. Nd4
Bxd4 28. cxd4 Red8 29. Rd2 b5 30. Be6 Bd7 31. Bxd7 Rxd7 32. Rxe4 Rad8 33. f3
Kg8 34. Kf2 Kf7 35. Ke3 Kf6 36. Rc2 Rd6 37. Rf4+ Ke6 38. Re4+ Kf6 39. Rc5 g5
40. a3 h6 41. h4 Rd5 42. hxg5+ hxg5 43. Rc6+ R5d6 44. Rxd6+ Rxd6 45. g4 Rd7 46.
Re5 Rd6 47. Ke4 Rc6 48. Rc5 Re6+ 49. Re5 Rc6 50. Rc5 Re6+ 51. Kd3 Rd6 52. Ke4
Re6+ 1/2-1/2

[Event "2021 FIDE Online Olympiad"]
[Site "Chess.com"]
[Date "2021.08.28"]
[Round "6.4"]
[White "Lampard, Alice"]
[Black "Saraci, Rinesa"]
[Result "1-0"]
[WhiteElo "1763"]
[BlackElo "1184"]
[PlyCount "114"]
[EventDate "2021.08.27"]
[EventType "team"]
[EventRounds "9"]
[WhiteTeam "Scotland"]
[BlackTeam "Kosovo"]
[WhiteTeamCountry "SCO"]
[BlackTeamCountry "KOS"]

1. d4 d5 2. c4 Nf6 3. Nc3 e6 4. cxd5 Nxd5 5. e4 Nf6 6. Bg5 Be7 7. Nf3 h6 8. Bf4
Nc6 9. Bb5 Bd7 10. O-O O-O 11. Re1 a6 12. Bd3 Nb4 13. Rc1 Nxd3 14. Qxd3 Bb4 15.
Nd2 Re8 16. a3 Ba5 17. Nc4 Bxc3 18. Qxc3 Bc6 19. f3 Qd7 20. Ne5 Qd8 21. Nxc6
bxc6 22. Red1 Rb8 23. b4 Rb6 24. Be3 Rb8 25. Qxc6 Qc8 26. Qxc7 Qxc7 27. Rxc7
Ra8 28. Rdc1 Reb8 29. Bf4 Rb6 30. Be5 Ne8 31. Rc8 Rxc8 32. Rxc8 Kf8 33. Bc7 Rc6
34. Ra8 Rxc7 35. Rxa6 Ke7 36. Kf2 Rc2+ 37. Kg3 Ra2 38. b5 Nc7 39. Ra7 Kd8 40.
b6 Nb5 41. Ra8+ Kd7 42. b7 Nc7 43. b8=Q Nxa8 44. Qxa8 Kd6 45. a4 Rd2 46. a5
Rxd4 47. Qd8+ Kc5 48. Qxd4+ Kxd4 49. a6 f5 50. exf5 exf5 51. a7 g5 52. a8=Q f4+
53. Kg4 Ke3 54. Qa2 Kd4 55. Kh5 Ke5 56. Kxh6 Kd4 57. Kxg5 Ke3 1-0

[Event "2021 FIDE Online Olympiad"]
[Site "Chess.com"]
[Date "2021.08.28"]
[Round "6.5"]
[White "Dobraj, Bleron"]
[Black "Sanger, Jake M"]
[Result "0-1"]
[WhiteElo "1879"]
[BlackElo "1640"]
[PlyCount "62"]
[EventDate "2021.08.27"]
[EventType "team"]
[EventRounds "9"]
[WhiteTeam "Kosovo"]
[BlackTeam "Scotland"]
[WhiteTeamCountry "KOS"]
[BlackTeamCountry "SCO"]

1. e4 c5 2. Nf3 Nc6 3. c3 Nf6 4. e5 Nd5 5. d4 cxd4 6. cxd4 d6 7. exd6 Qxd6 8.
Nc3 Nxc3 9. bxc3 Bg4 10. Be2 e6 11. O-O Be7 12. h3 Bh5 13. Qb3 O-O 14. a4 Qc7
15. g3 Bd6 16. Ba3 Bxa3 17. Rxa3 Rfd8 18. Rb1 b6 19. Ra2 Rac8 20. Rd2 Na5 21.
Qb5 Bxf3 22. Bxf3 Qxc3 23. Rbd1 Qxf3 24. d5 exd5 25. Qa6 Rc2 26. Qxa7 Rxd2 27.
Rxd2 Rc8 28. Kh2 h6 29. Qxb6 Rc1 30. Qd8+ Kh7 31. Qxd5 Rh1# 0-1

[Event "2021 FIDE Online Olympiad"]
[Site "Chess.com"]
[Date "2021.08.28"]
[Round "6.6"]
[White "Tandon, Ashley"]
[Black "Recica, Jona"]
[Result "1-0"]
[WhiteElo "1000"]
[BlackElo "1000"]
[PlyCount "59"]
[EventDate "2021.08.27"]
[EventType "team"]
[EventRounds "9"]
[WhiteTeam "Scotland"]
[BlackTeam "Kosovo"]
[WhiteTeamCountry "SCO"]
[BlackTeamCountry "KOS"]

1. d4 d5 2. c4 c6 3. Nc3 Nf6 4. Nf3 Bg4 5. Ne5 Bf5 6. cxd5 cxd5 7. Qb3 b6 8. e4
Be6 9. Bb5+ Nbd7 10. exd5 Bf5 11. d6 Be6 12. dxe7 Bxe7 13. Qa4 O-O 14. Nxd7
Nxd7 15. Bc6 Rc8 16. d5 Bf5 17. Qxa7 Rc7 18. Qa4 Nc5 19. Qd1 Nd3+ 20. Kf1 Bc5
21. Be3 Re8 22. Bxe8 Qxe8 23. Bxc5 bxc5 24. Qe2 Re7 25. Qd2 Nb4 26. f3 Bd3+ 27.
Kf2 Nc2 28. Qxd3 Nxa1 29. Rxa1 Re3 30. Qxe3 1-0